000 00900nam a22002657a 4500
003 DO-SdBNP
005 20210504121923.0
008 210226b1981 dr 00| 0 spa d
040 _aBPMSU
_bspa
_cBPMSU
082 _a972.93697
_bC744c 1981
_222
100 1 _aConcepción, Mario
245 _aLa Concepción de la Vega :
_brelación histórica /
_cMario Concepción
250 _a
_b
260 _aSanto Domingo :
_bSociedad Dominicana de Geografía,
_c1981
300 _a279 p.;
_c23 cm.
_b
490 0 _aSociedad Dominicana de Geografía,
_v16
500 _aIncluye índice
590 _6Inventariado, 2021/VM
650 4 _aCiudades y pueblos
_zRepública dominicana
651 4 _aLa Vega (República Dominicana
_xHistoria Local
651 4 _aLa Vega (República Dominicana
_xVida Social Y Costumbres
710 2 _aSocieda Dominicana de Geografía
910 _a VMateo
942 _2ddc
_cBK
999 _c13450
_d13450